[Event "Espalion Op"]
[Site "Espalion"]
[Date "2017.07.15"]
[Round "1.31"]
[White "Flaujac, Benoit"]
[Black "Muller-Moingt, Bastien"]
[Result "1-0"]
[WhiteElo "1809"]
[BlackElo "1114"]
[PlyCount "73"]
[EventDate "2017.??.??"]

1. e4 e5 2. Nf3 Nc6 3. d4 exd4 4. Bc4 Nf6 5. e5 d5 6. Bb5 Ne4 7. Nxd4 Bd7 8.
Bxc6 Bxc6 9. Nxc6 bxc6 10. Nd2 Bc5 11. Nxe4 dxe4 12. Qg4 Qd4 13. Qg3 Rd8 14.
O-O O-O 15. Bh6 g6 16. Bxf8 Rxf8 17. c3 Qd8 18. b4 Bd6 19. Rad1 Qe7 20. exd6
cxd6 21. Qxd6 Qxd6 22. Rxd6 Rc8 23. Rfd1 Re8 24. Rd8 Rxd8 25. Rxd8+ Kg7 26. Ra8
Kf6 27. Rxa7 Kf5 28. Rxf7+ Ke6 29. Rxh7 Kf5 30. a4 Ke5 31. a5 Kd5 32. a6 Kc4
33. a7 Kxc3 34. a8=Q Kxb4 35. Qxc6 Kb3 36. Rb7+ Ka3 37. Qa6# 1-0

[Event "Espalion Op"]
[Site "Espalion"]
[Date "2017.07.16"]
[Round "2.1"]
[White "Grichkevitch, Gilles"]
[Black "Cornette, Matthieu"]
[Result "0-1"]
[WhiteElo "1990"]
[BlackElo "2606"]
[PlyCount "72"]
[EventDate "2017.??.??"]

1. e4 c5 2. Nf3 Nc6 3. Bb5 e6 4. O-O Nge7 5. Re1 Nd4 6. Nxd4 cxd4 7. c3 a6 8.
Bd3 Nc6 9. cxd4 Nxd4 10. Nc3 Bc5 11. e5 d5 12. b4 Ba7 13. Qg4 O-O 14. Bb2 f5
15. Qh3 Qb6 16. a3 Nb3 17. Rad1 a5 18. Qh4 Bd7 19. Ne2 axb4 20. axb4 Nc5 21.
Bd4 Qxb4 22. Rb1 Qxd2 23. Red1 Qa5 24. Ra1 Qc7 25. Rdc1 b6 26. Rc3 Bc6 27. Nf4
Qd7 28. Rca3 Nxd3 29. Nxd3 Bb5 30. Nf4 Rac8 31. Nxe6 Qxe6 32. Rxa7 Rc4 33. Qg3
Bd7 34. Qe3 f4 35. Qd2 f3 36. R7a3 Qg4 0-1

[Event "Espalion Op"]
[Site "Espalion"]
[Date "2017.07.16"]
[Round "2.2"]
[White "Libiszewski, Fabien"]
[Black "Lagunes, Jean-Renaud"]
[Result "0-1"]
[WhiteElo "2542"]
[BlackElo "1951"]
[PlyCount "82"]
[EventDate "2017.??.??"]

1. Nf3 Nf6 2. g3 g6 3. b3 Bg7 4. Bb2 d6 5. d4 c6 6. Bg2 Qa5+ 7. Nbd2 O-O 8. h3
Ne4 9. O-O f5 10. a3 Bh6 11. e3 Nd7 12. c4 Ndf6 13. b4 Qc7 14. Qe2 a5 15. b5 a4
16. Rfc1 Qa5 17. Nxe4 Nxe4 18. d5 c5 19. Rc2 Bg7 20. Bxg7 Kxg7 21. Ne1 Rf7 22.
Nd3 Bd7 23. Nf4 Qd8 24. g4 Qh8 25. f3 Kg8 26. Re1 Nf6 27. g5 Ne8 28. h4 Ng7 29.
Qd1 Nh5 30. Nxh5 gxh5 31. f4 h6 32. Qxh5 Rg7 33. Kf2 Be8 34. Qf3 hxg5 35. hxg5
Rh7 36. e4 Rh2 37. exf5 Bd7 38. Rxe7 Bxf5 39. Rce2 Qd4+ 40. Kg3 $4 Qg1 41. Rg7+
Kf8 (41... Kxg7 42. Qc3+ Kg8 43. Kf3) 0-1

[Event "Espalion Op"]
[Site "Espalion"]
[Date "2017.07.16"]
[Round "2.3"]
[White "Crouzet, Emeric"]
[Black "Sulava, Nenad"]
[Result "0-1"]
[WhiteElo "1950"]
[BlackElo "2480"]
[PlyCount "36"]
[EventDate "2017.??.??"]

1. d4 e6 2. c4 b6 3. a3 g6 4. e4 Bg7 5. Nf3 Ne7 6. Nc3 O-O 7. g3 d5 8. Bg5 h6
9. Bf4 dxe4 10. Nxe4 Nbc6 11. Qd2 Nf5 12. Bg2 Ncxd4 13. Nxd4 Qxd4 14. Qxd4 Nxd4
15. Bxc7 Nc2+ 16. Kd2 Nxa1 17. Rxa1 Ba6 18. Nd6 Rad8 $1 0-1

[Event "Espalion Op"]
[Site "Espalion"]
[Date "2017.07.16"]
[Round "2.4"]
[White "Pass, Deborah J"]
[Black "Daulyte, Deimante"]
[Result "0-1"]
[WhiteElo "1920"]
[BlackElo "2419"]
[PlyCount "80"]
[EventDate "2017.??.??"]

1. e4 d6 2. d4 Nf6 3. Nc3 e5 4. Nf3 Nbd7 5. Bd3 Be7 6. O-O O-O 7. Re1 Re8 8. a4
c6 9. Bc4 h6 10. h3 Bf8 11. dxe5 dxe5 12. Be3 Qc7 13. Qe2 Nc5 14. Nd2 Ne6 15.
Nb3 Bb4 16. Bd3 a5 17. Qf3 Nf4 18. Bf1 Nh7 19. Bxf4 exf4 20. e5 Rxe5 21. Qxf4
Re7 22. Qxc7 Rxc7 23. Re8+ Bf8 24. Rd1 Nf6 25. Red8 b6 26. Nd4 g6 27. Nf3 Kg7
28. Bc4 Be7 29. R8d4 Bd7 30. Ne4 c5 31. R4d2 Bxa4 32. Nd6 Bxd6 33. Rxd6 Bxc2
34. Rc1 Be4 35. Rxb6 Nd7 36. Rb5 a4 37. b4 Bxf3 38. gxf3 cxb4 39. Rxb4 Ne5 40.
f4 Nd3 0-1

[Event "Espalion Op"]
[Site "Espalion"]
[Date "2017.07.16"]
[Round "2.5"]
[White "Genzling, Alain"]
[Black "Dubois, Martine"]
[Result "1-0"]
[WhiteElo "2381"]
[BlackElo "1946"]
[PlyCount "77"]
[EventDate "2017.??.??"]

1. c4 c5 2. Nc3 b6 3. e4 Bb7 4. g3 g6 5. Bg2 Bg7 6. Nge2 f5 7. O-O fxe4 8. d3
Nc6 9. dxe4 Nf6 10. h3 O-O 11. e5 Ne8 12. f4 Nc7 13. Ne4 Ne6 14. Be3 Na5 15.
Qc2 Qc7 16. Rad1 Rad8 17. g4 Nc6 18. Qc1 Ba8 19. N4c3 Ncd4 20. Bxa8 Nxe2+ 21.
Nxe2 Rxa8 22. Nc3 Rf7 23. Qd2 Nf8 24. Qd5 Rc8 25. Ne4 h6 26. h4 Qc6 27. b3 Rc7
28. Rf2 Qe6 29. Rg2 Rc6 30. Rf1 Nh7 31. f5 Qxe5 32. fxg6 Qxd5 33. gxh7+ Kxh7
34. cxd5 Rxf1+ 35. Kxf1 Rc8 36. Rc2 Rf8+ 37. Kg2 Be5 38. h5 Bf4 39. Rf2 1-0

[Event "Espalion Op"]
[Site "Espalion"]
[Date "2017.07.16"]
[Round "2.6"]
[White "Cappon, John"]
[Black "Lagunes, Robin"]
[Result "1-0"]
[WhiteElo "2197"]
[BlackElo "1893"]
[PlyCount "55"]
[EventDate "2017.??.??"]

1. e4 d6 2. d4 Nf6 3. Nc3 g6 4. Bg5 c6 5. Qd2 Qa5 6. f4 b5 7. e5 b4 8. exf6
bxc3 9. Qxc3 Qxc3+ 10. bxc3 Nd7 11. fxe7 Bg7 12. f5 h6 (12... gxf5 13. Bd3 Nc5
$5) 13. Bf4 Kxe7 14. fxg6 fxg6 15. Bd3 g5 16. Bg3 Bb7 17. Nf3 Kd8 18. O-O c5
19. Bxd6 Re8 20. Rad1 Re3 21. Ne5 cxd4 22. cxd4 Be4 23. Bxe4 Rxe4 24. Rf7 Bxe5
25. dxe5 Rc8 26. Rh7 Nb6 27. Bc7+ Ke8 28. Bxb6 1-0

[Event "Espalion Op"]
[Site "Espalion"]
[Date "2017.07.16"]
[Round "2.7"]
[White "Menard, Baptiste"]
[Black "Le Borgne, Romain"]
[Result "1-0"]
[WhiteElo "2167"]
[BlackElo "1853"]
[PlyCount "57"]
[EventDate "2017.??.??"]

1. e4 c5 2. Nf3 Nc6 3. Bb5 g6 4. Bxc6 bxc6 5. O-O Nf6 6. Re1 Bg7 7. Nc3 O-O 8.
d3 d6 9. e5 Nd5 10. exd6 exd6 11. Ne4 h6 12. c4 f5 13. cxd5 fxe4 14. dxe4 Bg4
15. Re3 Bd4 16. Rd3 cxd5 17. exd5 Rxf3 18. gxf3 Qh4 19. Rxd4 cxd4 20. fxg4 Rf8
21. Qxd4 Rxf2 22. Qxf2 Qxg4+ 23. Qg2 Qd1+ 24. Kf2 Qd4+ 25. Be3 Qxb2+ 26. Kf3
Qf6+ 27. Ke2 Qb2+ 28. Bd2 Qe5+ 29. Kd3 1-0

[Event "Espalion Op"]
[Site "Espalion"]
[Date "2017.07.16"]
[Round "2.8"]
[White "Hadamard, Olivier"]
[Black "Moingt, Jean-Claude"]
[Result "0-1"]
[WhiteElo "1906"]
[BlackElo "2155"]
[PlyCount "50"]
[EventDate "2017.??.??"]

1. d4 Nf6 2. c4 c5 3. d5 b5 4. cxb5 a6 5. b6 e6 6. Nc3 exd5 7. Nxd5 Nxd5 8.
Qxd5 Nc6 9. Nf3 Rb8 10. e4 Be7 11. Bc4 O-O 12. O-O Rxb6 13. b3 Bb7 14. Qd2 Bf6
15. Bb2 Bxb2 16. Qxb2 Ne7 17. Rfe1 Ng6 18. Rad1 Rf6 19. Ne5 d6 20. Ng4 Rf4 21.
f3 h5 22. Ne3 Ne5 23. Nf5 Qg5 24. h4 Nxf3+ 25. Kf2 Nxh4+ 0-1

[Event "Espalion Op"]
[Site "Espalion"]
[Date "2017.07.16"]
[Round "2.9"]
[White "Flear, Christine"]
[Black "Rihouey, Franck"]
[Result "1-0"]
[WhiteElo "2078"]
[BlackElo "1827"]
[PlyCount "59"]
[EventDate "2017.??.??"]

1. d4 Nf6 2. c4 g6 3. Nc3 Bg7 4. g3 O-O 5. Bg2 c6 6. e4 d6 7. h3 e5 8. Nf3 Nbd7
9. O-O a5 10. Be3 Rb8 11. a4 b6 12. Re1 Re8 13. Qc2 Bb7 14. Rad1 Qc7 15. Qb1
Ba6 16. Bf1 exd4 17. Bxd4 Ne5 18. Nxe5 dxe5 19. Be3 Red8 20. Kh2 Rxd1 21. Rxd1
Rd8 22. c5 Rxd1 23. Qxd1 b5 24. axb5 cxb5 25. Bxb5 Bxb5 26. Nxb5 Qb8 27. c6 Ne8
28. Qd7 Qxb5 29. Qxe8+ Bf8 30. Bh6 1-0

[Event "Espalion Op"]
[Site "Espalion"]
[Date "2017.07.16"]
[Round "2.10"]
[White "Joliez, Didier"]
[Black "Estadieu, Romeo"]
[Result "1/2-1/2"]
[WhiteElo "1901"]
[BlackElo "2049"]
[PlyCount "59"]
[EventDate "2017.??.??"]

1. e4 e6 2. d4 d5 3. e5 c5 4. c3 Nc6 5. Nf3 Bd7 6. Be2 f6 7. exf6 Nxf6 8. Ne5
Bd6 9. Nxd7 Qxd7 10. dxc5 Bxc5 11. Bh5+ Nxh5 12. Qxh5+ g6 13. Qh4 O-O 14. O-O
Ne5 15. Qg3 Rf5 16. Nd2 Raf8 17. Nb3 Rxf2 18. Be3 Bxe3 19. Qxe3 Rxf1+ 20. Rxf1
Rxf1+ 21. Kxf1 Nc4 22. Qxa7 Nxb2 23. Qb8+ Kg7 24. Qe5+ Kf7 25. Qh8 Qb5+ 26. Kg1
Nd3 27. Qxh7+ Kf6 28. Qh8+ Kf7 29. Qh7+ Kf6 30. Qh8+ 1/2-1/2

[Event "Espalion Op"]
[Site "Espalion"]
[Date "2017.07.16"]
[Round "2.11"]
[White "Israel, Gregory"]
[Black "Flaujac, Benoit"]
[Result "1-0"]
[WhiteElo "2043"]
[BlackElo "1809"]
[PlyCount "91"]
[EventDate "2017.??.??"]

1. c4 Nf6 2. Nc3 e5 3. d3 Nc6 4. e3 d5 5. cxd5 Nxd5 6. Be2 Bb4 7. Bd2 O-O 8.
Nf3 Re8 9. e4 Nf6 10. O-O Bg4 11. Bg5 Bxf3 12. Bxf3 Nd4 13. Be2 c6 14. Rc1 h6
15. Be3 Qd7 16. Na4 Rad8 17. Bxd4 exd4 18. a3 Bd6 19. f4 Bb8 20. b4 b6 21. g3
Rc8 22. Bf3 g6 23. Nb2 Qe7 24. Nc4 Red8 25. Qe2 c5 26. b5 Re8 27. Qg2 h5 28. h3
Qd7 29. e5 Nh7 30. Bc6 Qf5 31. Be4 Qd7 32. a4 Qd8 33. Rf2 Kg7 34. Rcf1 f6 35.
g4 h4 36. Bb7 Rc7 37. Nd6 fxe5 $2 (37... Rf8) 38. Nxe8+ Qxe8 39. f5 Qe7 40.
fxg6 Kxg6 41. Be4+ Kg7 42. Bxh7 Kxh7 43. Qe4+ Kg7 44. Rf5 Rd7 45. Rh5 Kg8 46.
Qg6+ 1-0

[Event "Espalion Op"]
[Site "Espalion"]
[Date "2017.07.16"]
[Round "2.12"]
[White "Pascot, Jean"]
[Black "Moingt, Anne"]
[Result "0-1"]
[WhiteElo "1856"]
[BlackElo "2027"]
[PlyCount "86"]
[EventDate "2017.??.??"]

1. e4 c5 2. c3 d5 3. exd5 Qxd5 4. d4 Nf6 5. Nf3 e6 6. Be2 Be7 7. c4 Qd8 8. Nc3
O-O 9. O-O Nc6 10. dxc5 Bxc5 11. a3 b6 12. Bg5 Be7 13. Qa4 Bb7 14. Rad1 Qc7 15.
Bh4 Rad8 16. Bg3 Qc8 17. Bd3 Nh5 18. Qc2 g6 19. Ne2 Nxg3 20. hxg3 Bf6 21. Rd2
Bg7 22. Rfd1 Bh6 23. Nf4 e5 24. Nd5 Bxd2 25. Qxd2 Kg7 26. Qg5 f6 27. Qe3 Qe6
28. Re1 Qf7 29. Bc2 Rfe8 30. Ba4 Re6 31. g4 Ne7 32. Nc7 Red6 33. Nxe5 fxe5 34.
Qxe5+ Qf6 35. Qxe7+ Qxe7 36. Rxe7+ Kf6 37. Rxh7 Bc6 38. Bxc6 Rxc6 39. Nd5+ Kg5
40. Ne3 Rd2 41. g3 Kf6 42. f4 Rxb2 43. Rxa7 Ra2 $138 0-1

[Event "Espalion Op"]
[Site "Espalion"]
[Date "2017.07.16"]
[Round "2.13"]
[White "Verot, Melanie"]
[Black "Martinez, Felicien"]
[Result "1-0"]
[WhiteElo "2024"]
[BlackElo "1199"]
[PlyCount "67"]
[EventDate "2017.??.??"]

1. d4 Nf6 2. c4 g6 3. Nc3 Bg7 4. e4 d6 5. f4 Nc6 6. Nf3 Nd7 7. e5 O-O 8. Be2 e6
9. O-O f6 10. d5 Ne7 11. exd6 cxd6 12. Be3 e5 13. fxe5 fxe5 14. Ne4 Nf5 15. Bf2
Qe7 16. c5 Nxc5 17. Bxc5 dxc5 18. d6 Qe8 19. Qd5+ Be6 20. Qxc5 Rc8 21. Qb4 Bd5
22. Nc3 Bc6 23. Bc4+ Kh8 24. Ng5 Bxg2 25. Rfe1 Qc6 26. Bb5 Qb6+ 27. Kxg2 a6 28.
d7 Rcd8 29. Nd5 Qxb5 30. Qxb5 axb5 31. Nb6 Nd4 32. Rf1 h6 33. Rxf8+ Rxf8 34.
d8=Q 1-0

[Event "Espalion Op"]
[Site "Espalion"]
[Date "2017.07.16"]
[Round "2.14"]
[White "Labarrere, Daniel"]
[Black "Larcheveque, Francois"]
[Result "1/2-1/2"]
[WhiteElo "1816"]
[BlackElo "2023"]
[PlyCount "58"]
[EventDate "2017.??.??"]

1. b3 e5 2. Bb2 Nc6 3. e3 Nf6 4. Bb5 Bd6 5. Nc3 Qe7 6. Nge2 Ba3 7. Qc1 Bxb2 8.
Qxb2 Nd8 9. Ng3 O-O 10. O-O d5 11. f4 e4 12. Be2 a6 13. h3 Nc6 14. Nd1 Rd8 15.
Kh2 Be6 16. a4 Rd6 17. Nf2 Rad8 18. b4 Bc8 19. b5 Nb8 20. Qe5 Re6 21. Qg5 Ne8
22. Qxe7 Rxe7 23. c4 c6 24. cxd5 cxd5 25. Rfc1 Nd6 26. bxa6 bxa6 27. Rc5 Nb7
28. Rc2 Nd6 29. Rc5 Nb7 1/2-1/2

[Event "Espalion Op"]
[Site "Espalion"]
[Date "2017.07.16"]
[Round "2.15"]
[White "Flear, Glenn C"]
[Black "Gerard, Nicolas"]
[Result "1-0"]
[WhiteElo "2455"]
[BlackElo "2189"]
[PlyCount "53"]
[EventDate "2017.??.??"]

1. Nf3 d5 2. c4 d4 3. b4 f6 4. e3 e5 5. c5 a5 6. Qa4+ Bd7 7. b5 Bxc5 8. Bc4 Nh6
9. O-O Nf5 10. Ba3 Bxa3 11. Nxa3 dxe3 12. dxe3 Na6 13. Qxa5 Nc5 14. Qb4 Qe7 15.
Rac1 Ne6 16. Nc2 c6 17. bxc6 Bxc6 18. Rfd1 Ra4 19. Qc3 Nd6 20. Bxe6 Qxe6 21.
Nb4 Bxf3 22. gxf3 O-O 23. Rxd6 Qxd6 24. Qb3+ Kh8 25. Qxa4 Rd8 26. Qb3 Qd2 27.
Qc3 1-0

[Event "Espalion Op"]
[Site "Espalion"]
[Date "2017.07.16"]
[Round "2.16"]
[White "Della Ragione, Enzo"]
[Black "Muratet Casadevall, Albert"]
[Result "0-1"]
[WhiteElo "1705"]
[BlackElo "2201"]
[PlyCount "66"]
[EventDate "2017.??.??"]

1. c4 Nf6 2. Nc3 g6 3. g3 Bg7 4. Bg2 O-O 5. Nf3 d6 6. O-O Nc6 7. d3 e5 8. Rb1
a5 9. a3 Re8 10. Bg5 h6 11. Bxf6 Qxf6 12. Nd5 Qd8 13. b4 axb4 14. axb4 e4 15.
dxe4 Rxe4 16. Nd2 Re8 17. b5 Nd4 18. e3 Ne6 19. b6 c6 20. Nb4 Nc5 21. Nxc6 bxc6
22. Bxc6 Bb7 23. Bxe8 Qxe8 24. Qe2 Ra2 25. f3 Bd4 26. Kh1 Qxe3 27. Qxe3 Bxe3
28. Nb3 Nd3 29. Ra1 Rxa1 30. Nxa1 Ne1 31. h4 Nxf3 32. Rd1 Ne5+ 33. Kh2 Ng4+ 0-1

[Event "Espalion Op"]
[Site "Espalion"]
[Date "2017.07.16"]
[Round "2.17"]
[White "Colandrea, Sauveur"]
[Black "Carno, Matthias"]
[Result "1-0"]
[WhiteElo "1752"]
[BlackElo "1782"]
[PlyCount "71"]
[EventDate "2017.??.??"]

1. d4 g6 2. c4 Bg7 3. Nc3 Nf6 4. e4 d6 5. Nf3 O-O 6. Be3 Nbd7 7. Qd2 Re8 8.
O-O-O e5 9. d5 b6 10. Bh6 Bh8 11. h4 Nc5 12. Bd3 Nxd3+ 13. Qxd3 Bg4 14. Rdg1
Nh5 15. Ne2 f5 16. Ng3 Nxg3 17. fxg3 fxe4 18. Qxe4 Bf5 19. Qe3 e4 20. Nd4 Qf6
21. Rd1 Rac8 22. Rhf1 c5 23. dxc6 Rxc6 24. b3 d5 25. g4 dxc4 26. gxf5 cxb3+ 27.
Kb2 Rc4 (27... bxa2 28. Qb3+ (28. fxg6 Qxg6) 28... Qf7 29. Qxf7+ Kxf7 30. Kxa2
Bxd4 31. Rxd4 gxf5 32. Rxf5+ Kg6 33. Rf8 Rxf8 34. Bxf8 e3 35. Re4) 28. Qxb3 b5
29. Bg5 Qe5 30. f6 Kf7 31. Bf4 Qc5 32. Be3 Qe5 33. Kb1 a6 34. g4 Qc7 35. Nc2
Kf8 36. Bd4 1-0

[Event "Espalion Op"]
[Site "Espalion"]
[Date "2017.07.16"]
[Round "2.18"]
[White "Marie, Olivier"]
[Black "Kozlowski, Thierry"]
[Result "0-1"]
[WhiteElo "1572"]
[BlackElo "1951"]
[PlyCount "60"]
[EventDate "2017.??.??"]

1. e4 Nf6 2. Nc3 d5 3. e5 Nfd7 4. e6 fxe6 5. d4 c5 6. Nf3 Nc6 7. Be3 Qa5 8. Bb5
cxd4 9. Nxd4 Nxd4 10. Qxd4 a6 11. b4 Qc7 12. Bxd7+ Bxd7 13. Bf4 Qc6 14. Be5 Rc8
15. O-O Qc4 16. Qb6 Rg8 17. Rfd1 g5 18. Rd3 g4 19. Bd4 h5 20. Re1 Bg7 21. Bxg7
Rxg7 22. Qe3 Qxb4 23. Qe5 Rh7 24. Qg5 {(=)} Kf8 25. Rb1 Qa5 26. Rxb7 Bb5 27.
Qg6 Bxd3 28. cxd3 Qxc3 29. h3 Qc1+ 30. Kh2 Qh6 0-1

[Event "Espalion Op"]
[Site "Espalion"]
[Date "2017.07.16"]
[Round "2.19"]
[White "Montsma, Foppe-Jan"]
[Black "Veschambre, Martin"]
[Result "1-0"]
[WhiteElo "1834"]
[BlackElo "1539"]
[PlyCount "53"]
[EventDate "2017.??.??"]

1. e4 d5 2. Nc3 d4 3. Nce2 e5 4. Ng3 Nf6 5. Nf3 Bg4 6. Bc4 Nbd7 7. c3 c5 8. Qb3
Qe7 9. Ng5 Be6 10. Bxe6 fxe6 11. Nxe6 Nb6 12. Qb5+ Kf7 13. Ng5+ Kg8 14. d3 Rc8
15. f4 h6 16. Nf3 Nfd7 17. O-O g6 18. Qb3+ Kh7 19. h4 Bg7 20. h5 Qf6 21. fxe5
Qe7 22. hxg6+ Kxg6 23. Nf5 Qd8 24. cxd4 cxd4 25. Nxg7 Kxg7 26. Nxd4 Qe7 27.
Nf5+ 1-0

[Event "Espalion Op"]
[Site "Espalion"]
[Date "2017.07.16"]
[Round "2.20"]
[White "Cavailles, Evan"]
[Black "Lemaire, Frederic"]
[Result "1/2-1/2"]
[WhiteElo "1806"]
[BlackElo "1486"]
[PlyCount "64"]
[EventDate "2017.??.??"]

1. e4 e5 2. Nf3 Nc6 3. Bb5 d6 4. O-O Bd7 5. c3 a6 6. Ba4 b5 7. Bc2 Nf6 8. Re1
h6 9. h3 Qc8 10. Nh2 Be7 11. a3 O-O 12. d4 Na5 13. f4 Nh7 14. f5 c5 15. d5 Bg5
16. Bxg5 Nxg5 17. Qh5 Qd8 18. b3 b4 19. Re3 bxc3 20. Rxc3 Qb6 21. Kh1 c4 22. b4
Qf2 23. Ng4 Qf1+ 24. Kh2 Qf4+ 25. Rg3 Nb3 26. Nxh6+ gxh6 27. Qxh6 f6 28. Qg6+
Kh8 29. Qh6+ Kg8 30. Qg6+ Kh8 31. Qh6+ Kg8 32. Qg6+ Kh8 1/2-1/2

[Event "Espalion Op"]
[Site "Espalion"]
[Date "2017.07.16"]
[Round "2.21"]
[White "Desai, Nilomi"]
[Black "Muratet Casadevall, Elias"]
[Result "1/2-1/2"]
[WhiteElo "1502"]
[BlackElo "1805"]
[PlyCount "50"]
[EventDate "2017.??.??"]

1. d4 Nf6 2. c4 d6 3. Nc3 g6 4. e4 Bg7 5. f3 O-O 6. Be3 c6 7. Bd3 a6 8. e5 Ne8
9. f4 Nc7 10. Qd2 b5 11. Nge2 Nd7 12. O-O Nb6 13. b3 d5 14. c5 Nd7 15. a3 a5
16. b4 a4 17. Qc2 f5 18. Nb1 Ne6 19. Nd2 Bh6 20. g3 Rf7 21. Nf3 Ng7 22. Qd2 Nf8
23. Kg2 Nfe6 24. Rf2 Bd7 25. Rff1 Qc7 1/2-1/2

[Event "Espalion Op"]
[Site "Espalion"]
[Date "2017.07.16"]
[Round "2.22"]
[White "Huin, Eric"]
[Black "Duvette, Michel"]
[Result "1/2-1/2"]
[WhiteElo "1801"]
[BlackElo "1412"]
[PlyCount "81"]
[EventDate "2017.??.??"]

1. e4 e5 2. Nf3 Nf6 3. Nxe5 d6 4. Nf3 Nxe4 5. Be2 Be7 6. O-O O-O 7. d3 Nf6 8.
Nc3 c6 9. h3 Nbd7 10. Bf4 h6 11. Qd2 Nh7 12. Ne4 d5 13. Nd6 Ndf6 14. Nxc8 Rxc8
15. Ne5 Bd6 16. Ng4 Bxf4 17. Qxf4 Qc7 18. Qxc7 Rxc7 19. Rfe1 Re8 20. Nxf6+ Nxf6
21. Bf3 Rce7 22. Kf1 Kf8 23. Rxe7 Rxe7 24. Re1 Rxe1+ 25. Kxe1 Ke7 26. Kd2 d4
27. c3 dxc3+ 28. bxc3 Kd6 29. d4 b5 30. a3 g6 31. Kd3 h5 32. c4 a6 33. c5+ Kd7
34. g4 hxg4 35. hxg4 g5 36. Kc3 Kc7 37. Kb4 Kb7 38. a4 Kc7 39. Ka5 Kb7 40. Kb4
Kc7 41. Ka5 1/2-1/2

[Event "Espalion Op"]
[Site "Espalion"]
[Date "2017.07.16"]
[Round "2.23"]
[White "Saya, Ethan"]
[Black "Pla, Jean"]
[Result "1/2-1/2"]
[WhiteElo "1775"]
[BlackElo "1356"]
[PlyCount "90"]
[EventDate "2017.??.??"]

1. e4 d6 2. d4 Nd7 3. Nc3 c5 4. Nf3 cxd4 5. Qxd4 Ngf6 6. Be2 g6 7. O-O Bg7 8.
Be3 O-O 9. Qd2 Re8 10. Rad1 b6 11. e5 Ng4 12. exd6 Nxe3 13. fxe3 e6 14. Nd4 Bb7
15. Ncb5 Qg5 16. Nf3 Bxf3 17. Rxf3 Red8 18. Rdf1 Ne5 19. Rg3 Qh6 20. Qb4 Bf8
21. Qe4 Qg7 22. Rg5 Nd7 23. Bf3 Qxb2 24. Nc7 Rab8 25. Nxe6 Nf6 26. Qd4 Qxd4 27.
Nxd4 Rxd6 28. Nb5 Rd2 29. Rf2 Rbd8 30. Nd4 Rxf2 31. Kxf2 Bc5 32. c3 h6 33. Re5
Re8 34. Rxe8+ Nxe8 35. Ke2 Nd6 36. Kd3 Kg7 37. Nb3 Ba3 38. g4 f5 39. Kd4 fxg4
40. Bxg4 Kf6 41. e4 Nb5+ 42. Kc4 Nd6+ 43. Kd5 Nb5 44. Kc4 Nd6+ 45. Kd5 Nb5
1/2-1/2

[Event "Espalion Op"]
[Site "Espalion"]
[Date "2017.07.16"]
[Round "2.24"]
[White "Breton, Vadim"]
[Black "Canivet, Arnaud"]
[Result "1-0"]
[WhiteElo "1412"]
[BlackElo "1760"]
[PlyCount "89"]
[EventDate "2017.??.??"]

1. e4 d6 2. c3 g6 3. d4 Bg7 4. Nf3 Nd7 5. Bc4 c5 6. O-O a6 7. Be3 Ngf6 8. Nbd2
O-O 9. Re1 b5 10. Bb3 Bb7 11. Bc2 h6 12. h3 e5 13. Qe2 Qe7 14. d5 Nh5 15. Nf1
f5 16. exf5 gxf5 17. N1h2 Qf7 18. Rad1 f4 19. Bc1 Ndf6 20. Ng4 Bxd5 21. Nxf6+
Nxf6 22. Nh2 Rad8 23. Ng4 Nxg4 24. hxg4 f3 25. Qd3 Rfe8 26. Qxd5 fxg2 27. Qxf7+
Kxf7 28. Kxg2 d5 29. b3 e4 30. c4 bxc4 31. bxc4 dxc4 32. Rxd8 Rxd8 33. Bxe4 c3
34. Ba3 c4 35. Rc1 Rd2 36. Bb4 Bd4 37. Bxc3 Rxf2+ 38. Kg3 Be3 39. Re1 Bc5 40.
Bd5+ Kf8 41. Kh4 Rxa2 42. Kh5 Ra3 43. Bf6 Bf2 44. Re4 Ra5 45. Kg6 1-0

[Event "Espalion Op"]
[Site "Espalion"]
[Date "2017.07.16"]
[Round "2.25"]
[White "Brun, Pierre"]
[Black "Masson, Valentin"]
[Result "0-1"]
[WhiteElo "1353"]
[BlackElo "1733"]
[PlyCount "132"]
[EventDate "2017.??.??"]

1. Nf3 Nf6 2. g3 g6 3. Bg2 Bg7 4. O-O O-O 5. d3 d5 6. Nbd2 Re8 7. c4 d4 8. b4
e5 9. Bb2 c6 10. Nb3 Na6 11. a3 Rb8 12. Qd2 Qd6 13. c5 Qd8 14. Na5 Nd5 15. e4
Nf6 16. Nc4 Nh5 17. Nd6 Rf8 18. Qc2 Be6 19. h4 b6 20. Rab1 Qd7 21. Ng5 b5 22.
Nxe6 Qxe6 23. Rbc1 Rfd8 24. Kh2 Bf8 25. Bh3 Qf6 26. Bg4 Ng7 27. Kg1 Bxd6 28.
cxd6 Rxd6 29. Qe2 h5 30. Bh3 Ne6 31. Rc2 Rb7 32. Rfc1 Rc7 33. Kg2 Kg7 34. Bxe6
Qxe6 35. Qd2 Rd8 36. Rb1 Rdc8 37. Bc1 Qf6 38. Qh6+ Kg8 39. Bg5 Qg7 40. Qxg7+
Kxg7 41. f4 f6 42. Bxf6+ Kxf6 43. fxe5+ Kxe5 44. Rf1 c5 45. bxc5 Rxc5 46. Rxc5+
Rxc5 47. Rf7 Rc7 48. Rf8 b4 49. axb4 Nxb4 50. Re8+ Kf6 51. e5+ Kf7 52. Rd8 Nxd3
53. Rxd4 Nxe5 54. Rf4+ Kg7 55. Re4 Rc2+ 56. Kh3 Ng4 57. Rxg4 hxg4+ 58. Kxg4 a5
59. Kf3 a4 60. Ke3 a3 61. Kd3 Rc8 62. Ke4 a2 63. Kd5 a1=Q 64. Kd6 Kf6 65. Kd7
Qa6 66. h5 Qe6# 0-1

[Event "Espalion Op"]
[Site "Espalion"]
[Date "2017.07.16"]
[Round "2.26"]
[White "Dewilde, Rudi"]
[Black "Uliczny, Kevin"]
[Result "0-1"]
[WhiteElo "1257"]
[BlackElo "1690"]
[PlyCount "54"]
[EventDate "2017.??.??"]

1. d4 Nf6 2. Bf4 g6 3. e3 Bg7 4. Nf3 d6 5. h3 Nbd7 6. Bd3 O-O 7. O-O c5 8. c3
b6 9. Nbd2 Bb7 10. e4 Rc8 11. Re1 a6 12. a4 Ne8 13. e5 dxe5 14. dxe5 Nxe5 15.
Be4 Bxe4 16. Rxe4 Nd3 17. Qc2 Nf6 18. Rd1 Nxe4 19. Nxe4 c4 20. Be3 Qc7 21. Nfd2
Rfd8 22. g3 h6 23. Kf1 f5 24. Bf4 Nxf4 25. gxf4 fxe4 26. Nxe4 Qxf4 27. Rxd8+
Rxd8 0-1

[Event "Espalion Op"]
[Site "Espalion"]
[Date "2017.07.16"]
[Round "2.27"]
[White "Veschambre, Antoine"]
[Black "Callebaut, Katia"]
[Result "1-0"]
[WhiteElo "1682"]
[BlackElo "1296"]
[PlyCount "96"]
[EventDate "2017.??.??"]

1. e4 e5 2. Nf3 Nc6 3. d4 d5 4. exd5 Nxd4 5. Nxd4 exd4 6. Qxd4 Bd6 7. Qxg7 Qe7+
8. Be2 Be5 9. Bg5 Bxg7 10. Bxe7 Nxe7 11. Nd2 Bxb2 12. Rd1 Bc3 13. O-O Nxd5 14.
Nb1 Be6 15. Rxd5 Bxd5 16. Nxc3 Bc6 17. Bd3 Rd8 18. Re1+ Kf8 19. Nd1 h5 20. Ne3
h4 21. h3 Rh5 22. Rb1 a6 23. Rb4 Bd7 24. Rxb7 Bxh3 25. gxh3 Rg5+ 26. Kf1 Rc5
27. Bxa6 Ke7 28. Bc4 f5 29. Rb5 Rxb5 30. Bxb5 Ke6 31. Bd3 Kf6 32. Nxf5 Kg5 33.
Ne3 Ra8 34. Bc4 Ra3 35. Bb3 Ra8 36. Ke2 c5 37. Kd3 Rf8 38. Ke2 Rf6 39. a4 Rf4
40. a5 Rf8 41. Bc4 Ra8 42. a6 Kf6 43. Nd5+ Ke5 44. Ke3 Kd6 45. Nb6 Re8+ 46. Kd3
Kc6 47. Nd5 Ra8 48. f4 Rg8 1-0

[Event "Espalion Op"]
[Site "Espalion"]
[Date "2017.07.16"]
[Round "2.28"]
[White "Saya, Yann"]
[Black "Verat-Fayolle, Celian"]
[Result "0-1"]
[WhiteElo "1199"]
[BlackElo "1678"]
[PlyCount "50"]
[EventDate "2017.??.??"]

1. e4 e5 2. Nf3 Nc6 3. Nc3 Nf6 4. Bc4 Nxe4 5. Nxe4 d5 6. Bxd5 Qxd5 7. Nc3 Qd8
8. O-O Bd6 9. d3 O-O 10. Be3 Bg4 11. h3 Bh5 12. Qe2 f5 13. Nd2 Bxe2 14. Rfe1
Bh5 15. Rad1 Bxd1 16. Rxd1 f4 17. Bxf4 Rxf4 18. Nd5 Rf5 19. Ne3 Rf7 20. Ndc4
Qh4 21. a3 Qxf2+ 22. Kh2 e4+ 23. Kh1 Nd4 24. c3 Qg3 25. cxd4 Qh2# 0-1